[Event "Lisbon Cup 26th"]
[Site "Lisbon"]
[Date "2015.02.08"]
[Round "2"]
[White "Perpetua, Andre"]
[Black "Fernandes, Jose Francisco Velh"]
[Result "1-0"]
[WhiteElo "1395"]
[BlackElo "1580"]
[PlyCount "111"]
[EventDate "2015.01.18"]
[EventType "swiss"]
[EventRounds "7"]
[EventCountry "POR"]
[SourceTitle "EXT 2017"]
[Source "ChessBase"]
[SourceDate "2016.10.25"]
[SourceVersion "1"]
[SourceVersionDate "2016.10.25"]
[SourceQuality "1"]

1. e4 c5 2. Nc3 Nc6 3. g3 d6 4. Bg2 Nf6 5. f4 e6 6. Nf3 Be7 7. 0-0 Rb8 8. a4 0-0 9. d3 Bd7 10. Ne2 Qc7 11. c3 a6 12. h3 Rfd8 13. g4 d5 14. e5 Ne8 15. Ng3 Bh4 16. Nxh4 Qb6 17. Kh1 Na5 18. Nf3 Nb3 19. Ra3 Nxc1 20. Qxc1 Bc6 21. Re1 Qc7 22. d4 c4 23. f5 b5 24. axb5 axb5 25. Qg5 h6 26. Qc1 Qb6 27. Qd2 Bd7 28. Rb1 exf5 29. Nxf5 Bxf5 30. gxf5 Nc7 31. Qf4 Na6 32. Raa1 Kh7 33. Nh2 Nc7 34. Ng4 Qc6 35. f6 Ne6 36. Qf5+ g6 37. Qf2 h5 38. Ne3 Nc7 39. Qg3 Rg8 40. Qh4 Rh8 41. Nf5 Qd7 42. Ne7 Rb6 43. Bf3 Kh6 44. Kh2 Re6 45. Qf4+ g5 46. Qe3 Rxe7 47. fxe7 Qxe7 48. h4 f5 49. hxg5+ Qxg5 50. Qxg5+ Kxg5 51. Rg1+ Kf4 52. Rg3 h4 53. Rh3 Rf8 54. Re1 Ne6 55. Bd1 Ng5 56. Rxh4# 1-0

[Event "Lisbon Cup 26th"]
[Site "Lisbon"]
[Date "2015.01.18"]
[Round "1"]
[White "Fernandes, Jose Francisco Velh"]
[Black "Guerreiro, Nuno M"]
[Result "0-1"]
[WhiteElo "1571"]
[BlackElo "2066"]
[PlyCount "92"]
[EventDate "2015.01.18"]
[EventType "swiss"]
[EventRounds "7"]
[EventCountry "POR"]
[SourceTitle "EXT 2017"]
[Source "ChessBase"]
[SourceDate "2016.10.25"]
[SourceVersion "1"]
[SourceVersionDate "2016.10.25"]
[SourceQuality "1"]

1. d4 d5 2. c4 Nc6 3. e3 e5 4. Nc3 exd4 5. exd4 Nf6 6. Nf3 Be7 7. Be2 0-0 8. 0-0 dxc4 9. Bxc4 Bg4 10. Be3 Nb4 11. a3 Nbd5 12. Rc1 c6 13. Be2 Nxc3 14. Rxc3 Nd5 15. Rc1 Bf6 16. Qd2 Re8 17. Rfe1 Qd6 18. h3 Bh5 19. Nh2 Bxe2 20. Rxe2 Nxe3 21. fxe3 Rad8 22. Nf3 h6 23. b4 Qd5 24. Qc2 a5 25. Qc4 axb4 26. axb4 Qf5 27. Qc2 Qb5 28. Qc4 Qf5 29. Qc2 Qh5 30. Qb2 Qg6 31. Qc2 Qg3 32. Qd2 Re4 33. Qe1 Qd6 34. Qc3 g5 35. Qe1 Qe7 36. Rc5 Bxd4 37. Nxd4 Rdxd4 38. Ra5 Rxb4 39. Ra8+ Kh7 40. Qc3 Qe5 41. Qc2 Kg7 42. Qd2 Rb1+ 43. Re1 Rxe1+ 44. Qxe1 Rxe3 45. Qa1 Re1+ 46. Kf2 Rxa1 0-1